عرض عادي
عرض مارك
- Freeman, Brian S.
مدخل إسم شخص
001 - رقم الضبط
- حقل الضبط: 48500
003 - معرف رقم الضبط
- حقل الضبط: OSt
005 - تاريخ ووقت أخر عملية
- حقل الضبط: 20150713045546.0
008 - عناصر بيانات ثابتة الطول
- حقل تحكم ثابت الطول: 150713|| aca||aabn | a|a d
040 ## - مصدر الفهرسة
- هيئة الفهرسة الأصلية: OSt
- وكالة الكتابة: OSt
100 ## - مدخل -- أسم شخص
- إسم شخص: Freeman, Brian S.
670 ## - بيانات المصدر موجوده
- الاستشهاد بالمصدر: Work cat.: (OSt): Freeman, Brian S., Anesthesiology core review :, 2014.
